00604nam a2200205 a 4500001001300000003000900013005001700022008004100039020000900080082001800089100001900107245002500126260003300151300000900184500003500193505010400228650002900332650001800361700001900379nice12345678IN_TiNIC20260116013345.0050524s1994 dela grp 000 0 eng  ac6000a297.1228bHUS aHusain, Akhlaq aMoses Versus Pharaoh aDelhibAdam Publishersc1994 a144p aincludes index and biblioraphy2 aThis Book Fulfils the Need of an Overall History of Islam Which Should Present the History of Islam aQuran-Surah-Hermaneutics aMoses-Prophet1 aHusain, Akhlaq